Cris des animaux - Statistiques

Statistiques générales
  • Ce quiz a été pris 45 fois
  • Le résultat moyen est 6 sur 33
Statistiques - réponses
Animaux Cri (nom commun) Verbe (iel...) % Correct
Agneau, brebis bêlement
75%
Abeille, guêpe, mouche bourdonnement bourdonne
50%
Singe cri
47%
Baleine, coq chant
44%
Girafe meuglement
41%
Boeuf, vache beuglement
34%
Dauphin Sifflement
34%
Serpent sifflement
34%
Chameau blatèrement
22%
Ane, manchot braiment
22%
Canard, perroquet cancan
22%
Panthère, tigre feulement
22%
Dindon glouglou
22%
Hippopotame, ours, loup grognement
22%
Hyène hurlement
22%
Lama hennissement
13%
Cochon, rat couinement
9%
Lapin, renard clapissement
6%
Chauve-souris grincement
6%
Colibri zinzinulement
6%
Eléphant baret
3%
Belette belotte
3%
Paon braillement
3%
Chouette chuintement
3%
Aigle glatissement
3%
Sauterelle stridulement
3%
Oiseau babillerie
0%
Rhonocéros barètement
0%
Chèvre béguètement
0%
Poule cagnètement
0%
Pigeon, tourterelle caracoulement
0%
Sanglier gromellement
0%
Biche rairement
0%
Aucun quiz correspondant
Distribution des résultats
% des personnes avec chaque résultat
Percentile par nombre de réponses
Votre historique - résultats
Vous n’avez pas pris ce quiz